| 000 | 00342nam a22001337a 4500 | ||
|---|---|---|---|
| 020 | _qHB. | ||
| 040 | _cFIZZA ISHAQ | ||
| 082 |
_a003.54207 _bCLA |
||
| 100 |
_aCARLET,CLAUDE. _990740 |
||
| 245 |
_aBOOLEAN FUNCATIONS FOR CRYTOGRAPHY AND CODING THEORY / _cCLAUDE CARLET. |
||
| 260 |
_aLONDON ; _c2020. |
||
| 300 | _a562 P. ; | ||
| 942 |
_2ddc _cBK |
||
| 999 |
_c588961 _d588961 |
||